| 000 | 00457cgm a22001691 4500 | ||
|---|---|---|---|
| 001 | 0000004883 | ||
| 005 | 20151217161725.0 | ||
| 007 | vf cbahou | ||
| 008 | 070531s xx--- vleng d | ||
| 040 |
_aKABU _cKABU |
||
| 245 | 0 | 0 |
_aIt's your choice _h[videorecording] : |
| 260 |
_aNairobi : _bCallister, _c1995. |
||
| 300 | _a1 videocassette (55 min.) ; | ||
| 538 | _aVHS. | ||
| 908 | _a070531 | ||
| 999 |
_c15520 _d15520 |
||